| 000 | 00377cam a2200133ua 4500 | ||
|---|---|---|---|
| 020 | _a9788120301450 | ||
| 020 | _a8120301455 | ||
| 082 |
_a511.5 _bNAR/GR |
||
| 100 |
_aDeo, Narsingh . _9514 |
||
| 245 | _aGraph Theory with Applications to Engineering and Computer Science / | ||
| 260 |
_aNew Delhi : _bPHI Learning Private Limited. _c2013 |
||
| 300 |
_a478 ; _e`. |
||
| 942 | _cBK | ||
| 999 |
_c13035 _d13035 |
||